[Event "43. Abierto Internacional Ciudad de Mar"]
[Site "Mar del Plata ARG"]
[Date "2012.03.31"]
[Round "1.1"]
[White "Allo, Esteban"]
[Black "Flores, Diego"]
[Result "0-1"]
[WhiteElo "1999"]
[BlackElo "2599"]
[PlyCount "48"]
[EventDate "2012.03.31"]
[EventType "swiss"]
[EventRounds "9"]
[EventCountry "ARG"]
[Source "lmi"]
[SourceDate "2012.03.31"]

1. e4 c5 2. c3 Nf6 3. e5 Nd5 4. d4 cxd4 5. Qxd4 e6 6. Nf3 Nc6 7. Qe4 f5 8. Qe2
Qc7 9. g3 Nde7 10. Na3 Ng6 11. Nc4 b5 12. Nd6+ Bxd6 13. exd6 Qxd6 14. Qxb5 O-O
15. Bg2 a5 16. Be3 Ba6 17. Qa4 Rab8 18. Rd1 Qc7 19. b3 Nce5 20. Nxe5 Qxc3+ 21.
Rd2 Nxe5 22. Qd4 Nd3+ 23. Ke2 Nf4+ 24. Kf3 e5 0-1

[Event "43. Abierto Internacional Ciudad de Mar"]
[Site "Mar del Plata ARG"]
[Date "2012.03.31"]
[Round "1.3"]
[White "Martyniuk, Carolina"]
[Black "Rodriguez, Andres"]
[Result "0-1"]
[WhiteElo "1990"]
[BlackElo "2518"]
[PlyCount "81"]
[EventDate "2012.03.31"]
[EventType "swiss"]
[EventRounds "9"]
[EventCountry "ARG"]
[Source "lmi"]
[SourceDate "2012.03.31"]

1. g3 e5 2. Bg2 Nc6 3. d3 g6 4. Nf3 Bg7 5. e4 d6 6. c3 f5 7. Nbd2 Nf6 8. O-O
O-O 9. b4 Qe7 10. Qc2 f4 11. b5 Nd8 12. d4 fxg3 13. hxg3 Ng4 14. dxe5 dxe5 15.
a4 Rf7 16. Nc4 Ne6 17. Ne3 Nxe3 18. Bxe3 b6 19. Rfd1 Bb7 20. Nh2 Raf8 21. a5 h5
22. axb6 axb6 23. Ra7 Bc8 24. Bxb6 Bh6 25. Nf1 h4 26. Qe2 hxg3 27. fxg3 Qg5 28.
Ba5 Nf4 29. gxf4 exf4 30. Rd5 f3 31. Rxg5 fxe2 32. Rxg6+ Kh7 33. Rxh6+ Kxh6 34.
c4 exf1=Q+ 35. Bxf1 Rg8+ 36. Bg2 Bh3 37. Kh2 Bxg2 38. Bxc7 Bxe4 39. Ra6+ Kh5
40. Be5 Rf2+ 41. Kh3 0-1

[Event "43. Abierto Internacional Ciudad de Mar"]
[Site "Mar del Plata ARG"]
[Date "2012.03.31"]
[Round "1.4"]
[White "Alonso, Salvador"]
[Black "Gomez, Roberto"]
[Result "1-0"]
[WhiteElo "2506"]
[BlackElo "1987"]
[PlyCount "69"]
[EventDate "2012.03.31"]
[EventType "swiss"]
[EventRounds "9"]
[EventCountry "ARG"]
[Source "lmi"]
[SourceDate "2012.03.31"]

1. e4 c6 2. d4 d5 3. Nd2 dxe4 4. Nxe4 Bf5 5. Ng3 Bg6 6. h4 h6 7. Nf3 Nd7 8. h5
Bh7 9. Bd3 Bxd3 10. Qxd3 Ngf6 11. Bd2 Qc7 12. O-O-O e6 13. Ne4 Nxe4 14. Qxe4
Nf6 15. Qe2 O-O-O 16. g3 Bd6 17. c4 c5 18. Bc3 Rhe8 19. Ne5 Bxe5 20. dxe5 Nd7
21. Rd6 Nb8 22. Rhd1 Rd7 23. Qd3 Red8 24. Qh7 Nc6 25. Rxd7 Rxd7 26. Rxd7 Qxd7
27. Qxg7 Nd4 28. Qf8+ Kc7 29. Qxc5+ Nc6 30. Bd2 b6 31. Qd6+ Qxd6 32. exd6+ Kxd6
33. Bxh6 Ke7 34. Be3 Kf6 35. Kc2 1-0

[Event "43. Abierto Internacional Ciudad de Mar"]
[Site "Mar del Plata ARG"]
[Date "2012.03.31"]
[Round "1.5"]
[White "Santoprieto, Gerardo"]
[Black "Ricardi, Pabro"]
[Result "0-1"]
[WhiteElo "1984"]
[BlackElo "504"]
[PlyCount "70"]
[EventDate "2012.03.31"]
[EventType "swiss"]
[EventRounds "9"]
[EventCountry "ARG"]
[Source "lmi"]
[SourceDate "2012.03.31"]

1. d4 Nf6 2. c4 g6 3. Nc3 d5 4. e3 Bg7 5. Nf3 O-O 6. Bd3 c5 7. O-O cxd4 8. exd4
Nc6 9. cxd5 Nxd5 10. Be4 Nxc3 11. bxc3 Bd7 12. Rb1 b6 13. Qe2 Rc8 14. Bf4 Na5
15. Rfc1 Be6 16. Bd3 Qd5 17. Ba6 Rcd8 18. c4 Qf5 19. Be3 Bc8 20. Rb5 Qe4 21.
Bxc8 Rxc8 22. Nd2 Qc6 23. a4 e6 24. c5 Qd7 25. Nf3 Nc6 26. cxb6 axb6 27. Rd1
Ne7 28. Rxb6 Nd5 29. Rb5 Nc3 30. Qd3 Nxd1 31. Qxd1 Rc4 32. Qb3 Rfc8 33. h3 Qd6
34. Rc5 R4xc5 35. dxc5 Qd5 0-1

[Event "43. Abierto Internacional Ciudad de Mar"]
[Site "Mar del Plata ARG"]
[Date "2012.03.31"]
[Round "1.6"]
[White "García Palermo, Carlos"]
[Black "Torella, Rodolfo"]
[Result "1-0"]
[WhiteElo "2479"]
[BlackElo "1976"]
[PlyCount "70"]
[EventDate "2012.03.31"]
[EventType "swiss"]
[EventRounds "9"]
[EventCountry "ARG"]
[Source "lmi"]
[SourceDate "2012.03.31"]

1. d4 Nf6 2. Nf3 g6 3. c3 Bg7 4. Bg5 d6 5. Nbd2 O-O 6. e4 c5 7. dxc5 dxc5 8.
Bc4 Nc6 9. O-O Na5 10. Be2 b6 11. b4 cxb4 12. cxb4 Nc6 13. Qa4 Nd4 14. Nxd4
Qxd4 15. Be3 Bd7 16. Qb3 Qd6 17. Rad1 Be6 18. Bc4 Ng4 19. Nf3 Bxc4 20. Qxc4
Nxe3 21. fxe3 Rac8 22. Qb3 Qc6 23. e5 e6 24. b5 Qc7 25. Rd6 Bxe5 26. Rc6 Qb8
27. Qc4 Bd6 28. Qe4 Rfe8 29. Ng5 f5 30. Qh4 Re7 31. Rd1 Rxc6 32. bxc6 Bc5 33.
Nxe6 Bxe3+ 34. Kh1 g5 35. Qc4 Qe5 1-0

[Event "43. Abierto Internacional Ciudad de Mar"]
[Site "Mar del Plata ARG"]
[Date "2012.03.31"]
[Round "1.7"]
[White "Muñoz, Francisco"]
[Black "Claverie, Raul"]
[Result "0-1"]
[WhiteElo "1975"]
[BlackElo "2470"]
[PlyCount "152"]
[EventDate "2012.03.31"]
[EventType "swiss"]
[EventRounds "9"]
[EventCountry "ARG"]
[Source "lmi"]
[SourceDate "2012.03.31"]

1. d4 f5 2. e4 fxe4 3. Nc3 Nf6 4. Bg5 c6 5. f3 Qb6 6. fxe4 d6 7. Rb1 Bg4 8. Qd2
Nbd7 9. h3 Bh5 10. Bc4 Bg6 11. Qe3 Nxe4 12. Bd3 Nxc3 13. Bxg6+ hxg6 14. Qxc3
Qa6 15. Ne2 Nf6 16. Qe3 Qa5+ 17. Kd1 Qxa2 18. Kc1 Qd5 19. Re1 Qxg2 20. h4 Qe4
21. Qg3 Qf5 22. Qb3 Qf2 23. Kd1 O-O-O 24. Qe6+ Kb8 25. Nf4 Qxd4+ 26. Kc1 Rxh4
27. Ne2 Qe4 28. Nf4 Rxf4 29. Rxe4 Rxe4 30. Qa2 Re1+ 31. Kd2 Rxb1 32. Qxb1 Ne4+
33. Ke2 Nxg5 34. Qg1 Ne6 35. Qg4 Nc5 36. Qxg6 Nd7 37. b3 Ne5 38. Qh7 g5 39. Qg8
g4 40. Kf2 Kc7 41. Qh7 a5 42. Kg3 b5 43. Qe4 Bg7 44. Qd4 Kb7 45. c4 Rh8 46.
cxb5 Rh3+ 47. Kg2 Rxb3 48. bxc6+ Kxc6 49. Qe4+ d5 50. Qc2+ Nc4 51. Qxb3 Be5 52.
Qa4+ Kc5 53. Qd7 Bd6 54. Qa7+ Kb4 55. Qb7+ Kc3 56. Qb1 d4 57. Qc1+ Kb4 58. Kg1
g3 59. Qe1+ Kc5 60. Qe4 a4 61. Qf5+ e5 62. Qc2 a3 63. Kg2 e4 64. Qxe4 Ne3+ 65.
Kg1 g2 66. Qa8 Nc4 67. Qa7+ Kb4 68. Qb7+ Kc3 69. Qb1 d3 70. Qc1+ Kd4 71. Qd1 d2
72. Qg4+ Kc3 73. Qf3+ Kb2 74. Qb7+ Kc1 75. Qc6 d1=Q+ 76. Kxg2 Qd5+ 0-1

[Event "43. Abierto Internacional Ciudad de Mar"]
[Site "Mar del Plata ARG"]
[Date "2012.03.31"]
[Round "1.8"]
[White "Pierrot, Facundo"]
[Black "Maucci, Marcelo"]
[Result "1-0"]
[WhiteElo "2444"]
[BlackElo "1970"]
[PlyCount "43"]
[EventDate "2012.03.31"]
[EventType "swiss"]
[EventRounds "9"]
[EventCountry "ARG"]
[Source "lmi"]
[SourceDate "2012.03.31"]

1. e4 c5 2. Nf3 d6 3. d4 cxd4 4. Nxd4 Nf6 5. Nc3 a6 6. Be2 e5 7. Nb3 Be7 8. Bg5
Be6 9. Bxf6 Bxf6 10. Qd3 O-O 11. O-O-O Be7 12. Nd5 Bxd5 13. Qxd5 Nc6 14. Kb1
Qc7 15. c3 b5 16. Rhf1 b4 17. Rc1 Bg5 18. cxb4 Bxc1 19. Rxc1 Rfc8 20. Bg4 Qb6
21. Bxc8 Rxc8 22. Qxd6 1-0

[Event "43. Abierto Internacional Ciudad de Mar"]
[Site "Mar del Plata ARG"]
[Date "2012.03.31"]
[Round "1.10"]
[White "Roselli Mailhe, Bernardo"]
[Black "Epelboim, Matías"]
[Result "1-0"]
[WhiteElo "2423"]
[BlackElo "1972"]
[PlyCount "83"]
[EventDate "2012.03.31"]
[EventType "swiss"]
[EventRounds "9"]
[EventCountry "ARG"]
[Source "lmi"]
[SourceDate "2012.03.31"]

1. d4 Nf6 2. c4 g6 3. Nc3 Bg7 4. Nf3 O-O 5. Bf4 h6 6. e4 d6 7. h3 Nc6 8. Qd2
Kh7 9. d5 Nb8 10. Be2 Nbd7 11. O-O Nc5 12. e5 Nfe4 13. Nxe4 Nxe4 14. Qe3 Nc5
15. b4 Nd7 16. Rad1 Nxe5 17. Nxe5 Bxe5 18. Bxe5 dxe5 19. Qxe5 Qd6 20. Qc3 c5
21. dxc6 Qxc6 22. b5 Qc7 23. c5 Be6 24. Rd2 Rfd8 25. Rfd1 Rxd2 26. Rxd2 Rc8 27.
Rc2 Bf5 28. Rc1 Qf4 29. Bf3 Rc7 30. c6 bxc6 31. bxc6 Be6 32. a3 Qg5 33. Qe3 Qa5
34. Qc5 Qd2 35. Rd1 Qf4 36. Qd4 Qg5 37. h4 Qa5 38. Qd8 Qb6 39. Qe8 Kg7 40. Rd8
Kf6 41. Qh8+ Kf5 42. Qxh6 1-0

[Event "43. Abierto Internacional Ciudad de Mar"]
[Site "Mar del Plata ARG"]
[Date "2012.04.01"]
[Round "2.1"]
[White "Flores, Diego"]
[Black "Guerrero, Alvaro"]
[Result "1-0"]
[WhiteElo "2599"]
[BlackElo "2173"]
[PlyCount "101"]
[EventDate "2012.03.31"]
[EventType "swiss"]
[EventRounds "9"]
[EventCountry "ARG"]
[Source "lmi"]
[SourceDate "2012.03.31"]

1. c4 g6 2. Nc3 Bg7 3. g3 d6 4. Bg2 e5 5. d3 Ne7 6. e3 O-O 7. Nge2 Nbc6 8. O-O
Be6 9. Nd5 Qd7 10. Rb1 Nd8 11. d4 Bf5 12. e4 Bg4 13. f3 Be6 14. b3 c5 15. dxe5
dxe5 16. Ba3 b6 17. b4 Nb7 18. Nc1 Rac8 19. bxc5 Nxc5 20. Nb3 Rfd8 21. Nxc5
bxc5 22. Qd2 Re8 23. Qe3 Nc6 24. Qxc5 Kh8 25. Qd6 Na5 26. Qxd7 Bxd7 27. c5 Nc4
28. Bb4 a5 29. Rfc1 axb4 30. Rxc4 Bf8 31. Rbc1 Bb5 32. c6 Bxc4 33. Rxc4 Re6 34.
c7 f5 35. exf5 Rd6 36. f4 exf4 37. f6 Rxd5 38. Bxd5 Bd6 39. Rc6 Be5 40. gxf4
Bxf4 41. f7 Kg7 42. f8=Q+ Kxf8 43. Rf6+ Kg7 44. Rf7+ Kh6 45. Rxf4 Rxc7 46. Rxb4
Kg5 47. a4 Rc1+ 48. Kf2 Rc2+ 49. Kg3 Rc3+ 50. Bf3 Ra3 51. Rb5+ 1-0

[Event "43. Abierto Internacional Ciudad de Mar"]
[Site "Mar del Plata ARG"]
[Date "2012.04.01"]
[Round "2.2"]
[White "De Cara, Juan"]
[Black "Mareco, Sandro"]
[Result "1/2-1/2"]
[WhiteElo "2169"]
[BlackElo "2579"]
[PlyCount "94"]
[EventDate "2012.03.31"]
[EventType "swiss"]
[EventRounds "9"]
[EventCountry "ARG"]
[Source "lmi"]
[SourceDate "2012.03.31"]

1. d4 Nf6 2. Nf3 e6 3. Bf4 b6 4. e3 Be7 5. h3 Bb7 6. Nbd2 c5 7. c3 O-O 8. Bd3
cxd4 9. exd4 d6 10. O-O Nbd7 11. Re1 Re8 12. a4 a6 13. Bh2 h6 14. Nc4 Qc7 15.
Qe2 Bf8 16. Ne3 Qc8 17. Ng4 Bc6 18. Nd2 Nxg4 19. hxg4 Qb7 20. f3 Nf6 21. Qf2 b5
22. axb5 axb5 23. Rxa8 Rxa8 24. Ne4 Nxe4 25. fxe4 d5 26. exd5 Bxd5 27. Bf4 Rc8
28. g5 hxg5 29. Bxg5 b4 30. Re3 bxc3 31. bxc3 f5 32. c4 Bxc4 33. Bxc4 Rxc4 34.
Rxe6 Qf7 35. Re1 Ra4 36. Bf4 Ra2 37. Re2 Ra6 38. Be5 Qh5 39. Re3 Be7 40. Rh3
Ra1+ 41. Kh2 Qd1 42. Kg3 Ra3+ 43. Kh2 Ra1 44. Kg3 Qd3+ 45. Qf3 Qxf3+ 46. gxf3
g5 47. Rh6 Ra3 1/2-1/2

[Event "43. Abierto Internacional Ciudad de Mar"]
[Site "Mar del Plata ARG"]
[Date "2012.04.01"]
[Round "2.3"]
[White "Rodriguez, Andres"]
[Black "Fidel, Roberto"]
[Result "1-0"]
[WhiteElo "2518"]
[BlackElo "2167"]
[PlyCount "70"]
[EventDate "2012.03.31"]
[EventType "swiss"]
[EventRounds "9"]
[EventCountry "ARG"]
[Source "lmi"]
[SourceDate "2012.03.31"]

1. e4 c5 2. Nf3 Nc6 3. d4 cxd4 4. Nxd4 e5 5. Nb5 d6 6. N1c3 a6 7. Na3 Nf6 8.
Bg5 Be7 9. Nc4 Be6 10. Bxf6 gxf6 11. Ne3 Qa5 12. Bd3 O-O 13. O-O Kh8 14. Ncd5
Rg8 15. Kh1 Qd8 16. Qd2 Bf8 17. g3 Bh6 18. f4 Rc8 19. Qe2 exf4 20. gxf4 f5 21.
Qh5 Qf8 22. Rf3 Nd4 23. Rf2 fxe4 24. Bxe4 f5 25. Bg2 Rc5 26. Rd1 Bg7 27. c3 Nc6
28. b4 Rxc3 29. Nxc3 Bxc3 30. Nd5 Bd4 31. Re2 Rxg2 32. Rxe6 Rg8 33. Qh6 Bg7 34.
Qh3 Nd4 35. Ne7 Bf6 1-0

[Event "43. Abierto Internacional Ciudad de Mar"]
[Site "Mar del Plata ARG"]
[Date "2012.04.01"]
[Round "2.6"]
[White "Molina, Jorge"]
[Black "García Palermo, Carlos"]
[Result "0-1"]
[WhiteElo "2159"]
[BlackElo "2479"]
[PlyCount "88"]
[EventDate "2012.03.31"]
[EventType "swiss"]
[EventRounds "9"]
[EventCountry "ARG"]
[Source "lmi"]
[SourceDate "2012.03.31"]

1. Nf3 Nf6 2. c4 e6 3. e3 c5 4. Nc3 b6 5. d4 cxd4 6. exd4 Bb4 7. Bd3 Bb7 8. O-O
O-O 9. Bg5 Bxc3 10. bxc3 d6 11. Nd2 Nbd7 12. Ne4 d5 13. cxd5 Bxd5 14. c4 Bxe4
15. Bxe4 Rc8 16. Rc1 h6 17. Bxf6 Nxf6 18. Bf3 Qd7 19. d5 e5 20. Re1 Qd6 21. Be4
Rc5 22. g4 Nxe4 23. Rxe4 Rfc8 24. Qe2 Rxd5 25. Re1 Rdc5 26. Rxe5 Rxe5 27. Qxe5
Qxe5 28. Rxe5 Rxc4 29. Re8+ Kh7 30. h3 Ra4 31. Re2 b5 32. Kg2 g5 33. Kg3 Ra3+
34. f3 b4 35. Rf2 a5 36. h4 Kg7 37. hxg5 hxg5 38. Re2 Kf6 39. Kf2 Rc3 40. Kg3
Rc5 41. Kf2 a4 42. Rb2 Rb5 43. Ke3 b3 44. Kd4 a3 0-1

[Event "43. Abierto Internacional Ciudad de Mar"]
[Site "Mar del Plata ARG"]
[Date "2012.04.01"]
[Round "2.7"]
[White "Claverie, Raul"]
[Black "Fiori, Hector"]
[Result "1-0"]
[WhiteElo "2470"]
[BlackElo "2150"]
[PlyCount "69"]
[EventDate "2012.03.31"]
[EventType "swiss"]
[EventRounds "9"]
[EventCountry "ARG"]
[Source "lmi"]
[SourceDate "2012.03.31"]

1. Nf3 Nf6 2. g3 d5 3. Bg2 c6 4. d3 Bf5 5. O-O e6 6. Nbd2 Be7 7. Nh4 O-O 8.
Nxf5 exf5 9. e3 Nbd7 10. b3 Ne8 11. c4 dxc4 12. bxc4 Ne5 13. d4 Nd3 14. Qc2
Nxc1 15. Rfxc1 Qd7 16. c5 Nc7 17. Nc4 Nd5 18. Ne5 Qe6 19. Rab1 Bf6 20. Bxd5
Qxd5 21. Qxf5 Bxe5 22. Qxe5 Qxa2 23. Rxb7 Rae8 24. Qf4 Re6 25. Rf1 a5 26. Ra7
a4 27. Qc7 Rh6 28. h4 Qc4 29. Ra1 Qd5 30. R7xa4 g5 31. Qe5 Qf3 32. Ra8 Rf6 33.
Qxg5+ Rg6 34. Rxf8+ Kxf8 35. Qf4 1-0

[Event "43. Abierto Internacional Ciudad de Mar"]
[Site "Mar del Plata ARG"]
[Date "2012.04.01"]
[Round "2.8"]
[White "Arcos Facio, Mateo"]
[Black "Pierrot, Facundo"]
[Result "1/2-1/2"]
[WhiteElo "2154"]
[BlackElo "2444"]
[PlyCount "56"]
[EventDate "2012.03.31"]
[EventType "swiss"]
[EventRounds "9"]
[EventCountry "ARG"]
[Source "lmi"]
[SourceDate "2012.03.31"]

1. e4 e5 2. d4 exd4 3. Nf3 Nc6 4. Bc4 Nf6 5. e5 d5 6. Bb5 Ne4 7. Nxd4 Bd7 8.
Bxc6 bxc6 9. O-O Bc5 10. f3 Ng5 11. f4 Ne4 12. Be3 O-O 13. Nd2 f5 14. Nxe4 fxe4
15. Qd2 Bb6 16. Nb3 Qe7 17. Rae1 g5 18. fxg5 Qxg5 19. Nd4 Qxe5 20. c3 Rxf1+ 21.
Rxf1 Rf8 22. Rxf8+ Kxf8 23. Qf2+ Ke8 24. Nb3 Qf5 25. Nc5 a5 26. a3 h5 27. Qxf5
Bxf5 28. b4 Bxc5 1/2-1/2

[Event "43. Abierto Internacional Ciudad de Mar"]
[Site "Mar del Plata ARG"]
[Date "2012.04.01"]
[Round "2.9"]
[White "Tristan, Leonardo"]
[Black "Martinez, Horacio"]
[Result "1-0"]
[WhiteElo "2438"]
[BlackElo "2132"]
[PlyCount "61"]
[EventDate "2012.03.31"]
[EventType "swiss"]
[EventRounds "9"]
[EventCountry "ARG"]
[Source "lmi"]
[SourceDate "2012.03.31"]

1. e4 c5 2. Nc3 Nc6 3. Bb5 g6 4. Bxc6 dxc6 5. f4 Bg7 6. Nf3 Nf6 7. O-O O-O 8.
d3 b6 9. Kh1 Qc7 10. Qe1 c4 11. dxc4 Rd8 12. e5 Ne8 13. b3 Bf5 14. Qf2 Rd7 15.
h3 h6 16. g4 Be6 17. Nd4 c5 18. Nxe6 Qc6+ 19. Qg2 Qxg2+ 20. Kxg2 fxe6 21. Re1
Nc7 22. h4 Rad8 23. g5 Na6 24. a3 Nb8 25. Be3 Nc6 26. Rad1 Nd4 27. Bxd4 cxd4
28. Ne4 d3 29. cxd3 Rxd3 30. Nf2 Rd2 31. Kf3 1-0

[Event "43. Abierto Internacional Ciudad de Mar"]
[Site "Mar del Plata ARG"]
[Date "2012.04.01"]
[Round "2.10"]
[White "Anelli, Antonio"]
[Black "Roselli Mailhe, Bernando"]
[Result "0-1"]
[WhiteElo "2137"]
[BlackElo "2423"]
[PlyCount "74"]
[EventDate "2012.03.31"]
[EventType "swiss"]
[EventRounds "9"]
[EventCountry "ARG"]
[Source "lmi"]
[SourceDate "2012.03.31"]

1. d4 Nf6 2. c4 g6 3. Nc3 Bg7 4. e4 d6 5. f3 O-O 6. Be3 e5 7. d5 c6 8. Qd2 cxd5
9. cxd5 a6 10. Bd3 Nh5 11. Nge2 Nd7 12. g4 Nf4 13. Nxf4 exf4 14. Bxf4 Ne5 15.
Be2 Bd7 16. O-O-O b5 17. Rdf1 Qa5 18. Kb1 Rfc8 19. Nd1 b4 20. Ne3 Bb5 21. Rc1
Rc3 22. Rc2 Rb8 23. Rhc1 h6 24. Bxb5 Qxb5 25. Qe2 Qxe2 26. Rxe2 Rxc1+ 27. Kxc1
Nd3+ 28. Kb1 Nxf4 29. Rc2 Bd4 30. Nc4 Bc5 31. b3 f6 32. Na5 Kg7 33. Nc6 Re8 34.
Rc4 Nd3 35. h3 Ne5 36. Nxe5 fxe5 37. Rc1 h5 0-1

[Event "43. Abierto Internacional Ciudad de Mar"]
[Site "Mar del Plata ARG"]
[Date "2012.04.01"]
[Round "3.1"]
[White "Cristobal, Manuel"]
[Black "Flores, Diego"]
[Result "0-1"]
[WhiteElo "2312"]
[BlackElo "2599"]
[PlyCount "46"]
[EventDate "2012.03.31"]
[EventType "swiss"]
[EventRounds "9"]
[EventCountry "ARG"]
[Source "lmi"]
[SourceDate "2012.03.31"]

1. c4 Nf6 2. Nf3 g6 3. Nc3 Bg7 4. e4 O-O 5. e5 Ng4 6. d4 c5 7. Bg5 cxd4 8. Qxd4
d6 9. Rd1 Nc6 10. Qd2 Ngxe5 11. Nxe5 Bxe5 12. f4 Bg7 13. c5 Bg4 14. Be2 Bxe2
15. Qxe2 Bd4 16. Qb5 dxc5 17. Qxb7 Qd6 18. Qb3 Rab8 19. Nb5 Qd7 20. Nxd4 Nxd4
21. Qc4 Rxb2 22. Qxc5 Qe6+ 23. Qe5 Re2+ 0-1

[Event "43. Abierto Internacional Ciudad de Mar"]
[Site "Mar del Plata ARG"]
[Date "2012.04.01"]
[Round "3.2"]
[White "Randazzo, Adrian"]
[Black "Rodriguez, Andres"]
[Result "0-1"]
[WhiteElo "2302"]
[BlackElo "2518"]
[PlyCount "40"]
[EventDate "2012.03.31"]
[EventType "swiss"]
[EventRounds "9"]
[EventCountry "ARG"]
[Source "lmi"]
[SourceDate "2012.03.31"]

1. e4 e6 2. d3 d5 3. Qe2 Nf6 4. Nf3 dxe4 5. dxe4 b6 6. Nbd2 Be7 7. e5 Nd5 8.
Qe4 Nd7 9. Bb5 O-O 10. c3 Bb7 11. Qg4 f5 12. exf6 N7xf6 13. Qxe6+ Kh8 14. Nc4
c6 15. Nce5 Nc7 16. Nf7+ Rxf7 17. Qxf7 cxb5 18. Qb3 Ne4 19. Bf4 Qd3 20. Nd2
Nxf2 0-1

[Event "43. Abierto Internacional Ciudad de Mar"]
[Site "Mar del Plata ARG"]
[Date "2012.04.01"]
[Round "2.1"]
[White "Pichot, Alan"]
[Black "Ricardi, Pablo"]
[Result "0-1"]
[WhiteElo "2269"]
[BlackElo "2504"]
[PlyCount "50"]
[EventDate "2012.03.31"]
[EventType "swiss"]
[EventRounds "9"]
[EventCountry "ARG"]
[Source "lmi"]
[SourceDate "2012.03.31"]

1. e4 c5 2. Nf3 d6 3. d4 cxd4 4. Nxd4 Nf6 5. f3 e5 6. Bb5+ Nbd7 7. Nf5 d5 8.
exd5 a6 9. Ba4 b5 10. Bb3 Nc5 11. Ne3 Bd6 12. O-O O-O 13. Nc3 Qc7 14. Ne2 Re8
15. c4 e4 16. h3 Nd3 17. fxe4 Nxc1 18. Qxc1 Bc5 19. Kh1 Rxe4 20. cxb5 Rxe3 21.
Nd4 Qe7 22. Nc6 Rxh3+ 23. gxh3 Qe4+ 24. Kh2 Qe2+ 25. Kh1 Bxh3 0-1

[Event "43. Abierto Internacional Ciudad de Mar"]
[Site "Mar del Plata ARG"]
[Date "2012.04.01"]
[Round "3.1"]
[White "García Palermo, Carlos"]
[Black "Zuriel, Marisa"]
[Result "1/2-1/2"]
[WhiteElo "2479"]
[BlackElo "2258"]
[PlyCount "67"]
[EventDate "2012.03.31"]
[EventType "swiss"]
[EventRounds "9"]
[EventCountry "ARG"]
[Source "lmi"]
[SourceDate "2012.03.31"]

1. d4 Nf6 2. Nf3 c5 3. d5 b5 4. c4 g6 5. cxb5 a6 6. Qc2 d6 7. e4 Bg7 8. Nc3 O-O
9. bxa6 Bxa6 10. Bxa6 Nxa6 11. O-O Qa5 12. Bg5 Rfe8 13. a3 Nd7 14. Bd2 Reb8 15.
Rab1 Nc7 16. Rfc1 Ne5 17. Nxe5 Bxe5 18. g3 Qa6 19. Kg2 Nb5 20. Nxb5 Rxb5 21.
Bc3 Bxc3 22. Qxc3 Rab8 23. b4 Qa4 24. e5 cxb4 25. Rxb4 Rxb4 26. axb4 dxe5 27.
Qxe5 Qxb4 28. Rc7 Re8 29. Rd7 Qb5 30. Qc7 Qe2 31. h4 Qe4+ 32. Kh2 h5 33. Qa7
Qf5 34. Kg2 1/2-1/2

[Event "43. Abierto Internacional Ciudad de Mar"]
[Site "Mar del Plata ARG"]
[Date "2012.04.01"]
[Round "2.1"]
[White "Di Muro, Matías"]
[Black "Claverie, Raul"]
[Result "1/2-1/2"]
[WhiteElo "2255"]
[BlackElo "2470"]
[PlyCount "50"]
[EventDate "2012.03.31"]
[EventType "swiss"]
[EventRounds "9"]
[EventCountry "ARG"]
[Source "lmi"]
[SourceDate "2012.03.31"]

1. e4 e6 2. d4 d5 3. Nc3 Bb4 4. e5 c5 5. a3 Bxc3+ 6. bxc3 Qa5 7. Bd2 Qa4 8. Qb1
c4 9. h4 Nc6 10. Ne2 f6 11. f4 Nge7 12. g3 Bd7 13. Bh3 O-O-O 14. O-O h5 15. Qb2
Rdf8 16. Kh2 b6 17. Rae1 f5 18. Ng1 Ng8 19. Nf3 Nh6 20. Ng5 Nf7 21. Nf3 g6 22.
Bg2 Kd8 23. Ng1 Be8 24. Nh3 Ne7 25. Ra1 Nh6 1/2-1/2

[Event "43. Abierto Internacional Ciudad de Mar"]
[Site "Mar del Plata ARG"]
[Date "2012.04.01"]
[Round "3.1"]
[White "Spata, Germán"]
[Black "Tristan, Leonardo"]
[Result "0-1"]
[WhiteElo "2255"]
[BlackElo "2438"]
[PlyCount "88"]
[EventDate "2012.03.31"]
[EventType "swiss"]
[EventRounds "9"]
[EventCountry "ARG"]
[Source "lmi"]
[SourceDate "2012.03.31"]

1. d4 Nf6 2. c4 e6 3. Nf3 d5 4. Nc3 Bb4 5. Qa4+ Nc6 6. e3 O-O 7. Be2 dxc4 8. a3
Bd6 9. e4 e5 10. Qxc4 exd4 11. Nxd4 Ne5 12. Qa4 Ng6 13. O-O Qe7 14. Bg5 Nf4 15.
Bxf4 Bxf4 16. g3 Bd2 17. Bf3 Bxc3 18. bxc3 c5 19. Nf5 Qe5 20. Rac1 Bd7 21. Qd1
Bc6 22. Qd6 Rfe8 23. Rfe1 g6 24. Qxe5 Rxe5 25. Nd6 Re6 26. Bg2 Rxd6 27. e5 Bxg2
28. Kxg2 Re6 29. exf6 Rxf6 30. Rcd1 b6 31. Rd7 a6 32. h4 Rc8 33. h5 Kg7 34.
Ree7 gxh5 35. Re4 Rcc6 36. Rd5 Rcd6 37. Rg5+ Kf8 38. Rxh5 Rd3 39. Rxh7 Rxc3 40.
Rh8+ Kg7 41. Rb8 b5 42. Rc8 Rxa3 43. Rxc5 Ra2 44. Rg5+ Kf8 0-1

[Event "43. Abierto Internacional Ciudad de Mar"]
[Site "Mar del Plata ARG"]
[Date "2012.04.01"]
[Round "3.2"]
[White "Roselli, Bernardo"]
[Black "Anino, Sergio"]
[Result "1-0"]
[WhiteElo "2423"]
[BlackElo "2219"]
[PlyCount "59"]
[EventDate "2012.03.31"]
[EventType "swiss"]
[EventRounds "9"]
[EventCountry "ARG"]
[Source "lmi"]
[SourceDate "2012.03.31"]

1. d4 Nf6 2. c4 c6 3. Nf3 d5 4. Qc2 a6 5. g3 g6 6. Bg2 Bg7 7. O-O O-O 8. Bf4
dxc4 9. Qxc4 Qb6 10. Qc1 Bg4 11. Nbd2 Nd5 12. Nc4 Qa7 13. Be5 Bxf3 14. Bxf3
Bxe5 15. dxe5 Nd7 16. Qg5 b5 17. Bxd5 cxd5 18. Ne3 Nb6 19. Rad1 Rad8 20. b3 Kh8
21. Rd4 f6 22. exf6 Rxf6 23. Qe5 Nd7 24. Qxe7 Rdf8 25. Rxd5 R6f7 26. Qe4 Qb7
27. Qd4+ Nf6 28. Rd6 Kg8 29. Rxf6 Rxf6 30. Ng4 1-0

[Event "43. Abierto Internacional Ciudad de Mar"]
[Site "Mar del Plata ARG"]
[Date "2012.04.01"]
[Round "3.3"]
[White "Gaitan, Juan Manuel"]
[Black "Rosito, Jorge"]
[Result "1/2-1/2"]
[WhiteElo "2249"]
[BlackElo "2401"]
[PlyCount "34"]
[EventDate "2012.03.31"]
[EventType "swiss"]
[EventRounds "9"]
[EventCountry "ARG"]
[Source "lmi"]
[SourceDate "2012.03.31"]

1. d4 Nf6 2. c4 e6 3. Nf3 c5 4. d5 d6 5. Nc3 exd5 6. cxd5 g6 7. Bf4 a6 8. a4
Qe7 9. e3 Nbd7 10. Be2 Bg7 11. O-O O-O 12. Nd2 Ne5 13. Re1 Ne8 14. Bg3 f5 15.
h3 Bd7 16. f4 Nf7 17. Bf3 Nc7 1/2-1/2